000 00487nam a2200181Ia 4500
001 11619
005 20260306162841.0
008 260306t2015||||xx |||||||||||||| ||spa||
041 _aESP
082 _a985.4092
_bA68
100 _aArce Espinoza, Mario Rommel
_eAUT
245 0 _aAlcaldes de Arequipa republicana:
_bprocesos, continuidades y cambios, 1825-2010
260 _c2015
300 _a348 páginas :
_c20 cm.
650 _aGEN
654 _aCHU
942 _cLIB
_dJUS
_fJUS
_2ddc
_n
999 _c11619
_d11619